[Event "Vadso op"]
[Site "Vadso"]
[Date "2010.08.27"]
[Round "1"]
[White "Brasoy, Aksel"]
[Black "Lubnin, Leonid"]
[Result "1/2-1/2"]
[WhiteElo "2011"]
[BlackElo "2178"]
[PlyCount "97"]
[EventDate "2010.08.27"]
[EventType "swiss"]
[EventRounds "5"]
[EventCountry "NOR"]
[SourceTitle "CBM 138 Extra"]
[Source "ChessBase"]
[SourceDate "2010.10.29"]
[SourceVersion "1"]
[SourceVersionDate "2010.10.29"]
[SourceQuality "1"]

1. d4 c5 2. d5 e6 3. c4 exd5 4. cxd5 d6 5. Nc3 a6 6. a4 Nf6 7. e4 g6 8. Bd3 Bg7 9. h3 0-0 10. Nf3 Re8 11. 0-0 Nbd7 12. Bf4 Qe7 13. Re1 Nh5 14. Bh2 Qf6 15. Qd2 h6 16. Rab1 g5 17. Ne2 b5 18. axb5 axb5 19. Bxb5 Rxe4 20. Nc3 Rxe1+ 21. Rxe1 Nf8 22. Ne4 Qxb2 23. Qxb2 Bxb2 24. Bxd6 g4 25. hxg4 Bxg4 26. Nh2 Bd7 27. Be2 Nf6 28. Nxf6+ Bxf6 29. Bxc5 Ra5 30. Bxf8 Kxf8 31. Bf3 Bc3 32. Rc1 Bb2 33. Rb1 Ra1 34. Rxa1 Bxa1 35. Ng4 Bxg4 36. Bxg4 Ke7 37. Kh2 Kd6 38. Bf3 Bg7 39. g3 Ke5 40. Bg2 Bf8 41. Kh3 Bc5 42. f4+ Kf5 43. Kh4 Kf6 44. Bf3 Kg6 45. Bh5+ Kf6 46. Kg4 Ke7 47. Kf5 Bf2 48. g4 Bc5 49. Ke4 1/2-1/2

[Event "Vadsosjakken-A"]
[Site "Vadso"]
[Date "2009.08.29"]
[Round "3"]
[White "Lubnin, Leonid"]
[Black "Roelvaag, Mikael"]
[Result "1/2-1/2"]
[WhiteElo "2183"]
[BlackElo "2043"]
[PlyCount "107"]
[EventDate "2009.08.28"]
[EventType "swiss"]
[EventRounds "5"]
[EventCountry "NOR"]
[SourceTitle "EXT 2012"]
[Source "ChessBase"]
[SourceDate "2011.11.24"]
[SourceVersion "1"]
[SourceVersionDate "2011.11.24"]
[SourceQuality "1"]

1. d4 Nf6 2. c4 e5 3. dxe5 Ng4 4. Bf4 Bb4+ 5. Nc3 Nc6 6. Nf3 Qe7 7. Qd5 Bxc3+ 8. bxc3 Qa3 9. Rc1 f6 10. Rc2 Qe7 11. e6 dxe6 12. Qh5+ g6 13. Qxg4 e5 14. Qg3 exf4 15. Qxf4 0-0 16. e4 Be6 17. Be2 Rae8 18. 0-0 Bf7 19. Rb1 b6 20. Bd3 Na5 21. Nd2 Nb7 22. Re1 Nc5 23. Bf1 g5 24. Qe3 Bg6 25. f3 f5 26. Nb3 fxe4 27. Nxc5 bxc5 28. Rce2 exf3 29. Qxe7 Rxe7 30. Rxe7 f2+ 31. Kh1 fxe1Q 32. Rxe1 Rf2 33. Kg1 Rxa2 34. Re5 Ra5 35. Rxg5 Kf7 36. Kf2 Kf6 37. h4 c6 38. Ke3 h6 39. Rg3 Ra3 40. Bd3 Bh5 41. Kd2 Ra1 42. Rg8 Bf7 43. Rc8 Ra2+ 44. Ke3 Rxg2 45. Rxc6+ Kg7 46. Rxc5 Rg3+ 47. Kd4 Rg4+ 48. Ke5 Rxh4 49. Rc7 Rh3 50. Be4 Rh5+ 51. Bf5 a5 52. c5 a4 53. c6 a3 54. Ra7 1/2-1/2

[Event "Barents Region-chA"]
[Site "Alta"]
[Date "2003.06.20"]
[Round "1"]
[White "Egeland, Marte"]
[Black "Lubnin, Leonid"]
[Result "0-1"]
[WhiteElo "2006"]
[BlackElo "2184"]
[PlyCount "106"]
[EventDate "2003.06.20"]
[EventType "swiss"]
[EventRounds "6"]
[EventCountry "NOR"]
[SourceTitle "CBM 094 Extra"]
[Source "ChessBase"]
[SourceDate "2003.07.09"]
[SourceVersion "2"]
[SourceVersionDate "2003.07.09"]
[SourceQuality "1"]

1. e4 c6 2. d4 d5 3. e5 Bf5 4. Nc3 e6 5. g4 Bg6 6. Nge2 c5 7. Nf4 cxd4 8. Nxg6 hxg6 9. Nb5 Nc6 10. Nxd4 Nxe5 11. Bb5+ Nd7 12. Qe2 a6 13. Bd3 Bc5 14. Nf3 Ne7 15. c3 Qc7 16. Be3 Bxe3 17. fxe3 0-0-0 18. 0-0-0 Nc5 19. Bc2 Nc6 20. Nd4 e5 21. Nxc6 Qxc6 22. Kb1 Ne4 23. Rhf1 Ng5 24. Bb3 Rd7 25. Qf2 Rh3 26. Bc2 Rf3 27. Qh4 Qf6 28. Rxf3 Nxf3 29. Qf2 e4 30. Bb3 Qe6 31. Qg2 Ne5 32. h3 Nd3 33. Bc2 Nc5 34. Rd4 Qe5 35. Rd1 f5 36. Rf1 Ne6 37. Bb3 f4 38. Qh2 Rf7 39. h4 g5 40. hxg5 Qxg5 41. c4 Nc5 42. Rxf4 Rxf4 43. Qxf4 Qxf4 44. exf4 Nxb3 45. axb3 d4 46. Kc2 a5 47. Kd2 Kd7 48. Ke2 Kd6 49. Kd2 d3 50. Ke3 Kc5 51. f5 Kd6 52. Kd2 b6 53. Ke3 Ke5 0-1

[Event "RUS-ch sf"]
[Site "Gatchina"]
[Date "2001.??.??"]
[Round "4"]
[White "Marinin, Viktor"]
[Black "Lubnin, Leonid"]
[Result "0-1"]
[WhiteElo "2096"]
[BlackElo "2177"]
[PlyCount "92"]
[EventDate "2001.??.??"]
[EventType "swiss"]
[EventRounds "9"]
[EventCountry "RUS"]
[SourceTitle "EXT 2002"]
[Source "ChessBase"]
[SourceDate "2001.11.25"]
[SourceVersion "1"]
[SourceVersionDate "2001.11.25"]
[SourceQuality "1"]

1. e4 c6 2. d4 d5 3. exd5 cxd5 4. Bd3 Nf6 5. h3 e6 6. Nf3 Be7 7. 0-0 Bd7 8. Qe2 Nc6 9. c3 Rc8 10. Nbd2 a6 11. Ne5 0-0 12. Ndf3 Na5 13. Bd2 b5 14. b3 Nb7 15. a4 Nd6 16. Nxd7 Qxd7 17. Ne5 Qe8 18. axb5 axb5 19. f3 Nh5 20. Bc2 g6 21. Qd3 Rc7 22. g4 Ng7 23. f4 Ne4 24. Rac1 Ba3 25. Rb1 Qc8 26. Be1 Nxc3 27. Ra1 Bb2 28. Ra5 Ne2+ 29. Qxe2 Bxd4+ 30. Bf2 Rxc2 31. Qxb5 Rxf2 32. Rxf2 Qc1+ 33. Qf1 Qxf4 34. Nd3 Qg3+ 35. Kh1 Bxf2 36. Nxf2 Qxb3 37. Ra7 Qf3+ 38. Kg1 h5 39. Qd3 hxg4 40. hxg4 Qxd3 41. Nxd3 Ne8 42. Ne5 Nd6 43. Rd7 Nc4 44. Nxc4 dxc4 45. Rc7 Rd8 46. Rxc4 Rd2 0-1

[Event "RUS-ch sf"]
[Site "Gatchina"]
[Date "2000.??.??"]
[Round "5"]
[White "Lubnin, Leonid"]
[Black "Polonovsky, Grigory"]
[Result "0-1"]
[WhiteElo "2180"]
[BlackElo "2264"]
[PlyCount "70"]
[EventDate "2000.??.??"]
[EventType "swiss"]
[EventRounds "9"]
[EventCountry "RUS"]
[SourceTitle "EXT 2001"]
[Source "ChessBase"]
[SourceDate "2000.11.22"]
[SourceVersion "1"]
[SourceVersionDate "2000.11.22"]
[SourceQuality "1"]

1. e4 c5 2. Nf3 d6 3. Bb5+ Bd7 4. Bxd7+ Nxd7 5. 0-0 Ngf6 6. Re1 g6 7. c3 Bg7 8. d4 0-0 9. dxc5 Nxc5 10. Qc2 Qc7 11. Bg5 Rac8 12. Nbd2 Ne6 13. Bh4 Rfd8 14. Rad1 a6 15. h3 b5 16. a3 Qb7 17. Qb1 Nh5 18. Nf1 h6 19. g4 Nhf4 20. Kh2 Rc4 21. N3d2 Rc7 22. Bg3 h5 23. Ne3 Rcd7 24. Nb3 hxg4 25. hxg4 Be5 26. Nd4 Kg7 27. Nxe6+ fxe6 28. Bxf4 Bxf4+ 29. Kg2 Rh8 30. Kf3 Rh3+ 31. Kxf4 Qa8 32. Rh1 e5+ 33. Kg5 e6 34. Nf5+ exf5 35. gxf5 Qd8+ 0-1

[Event "RUS-ch U18"]
[Site "Kolontaevo"]
[Date "1998.??.??"]
[Round "?"]
[White "Lubnin, Leonid"]
[Black "Evelev, Vladimir M"]
[Result "0-1"]
[WhiteElo "2130"]
[BlackElo "2220"]
[PlyCount "71"]
[EventDate "1998.??.??"]
[EventType "swiss"]
[EventRounds "9"]
[EventCountry "RUS"]
[SourceTitle "EXT 2000"]
[Source "ChessBase"]
[SourceDate "1999.11.16"]
[SourceVersion "1"]
[SourceVersionDate "1999.11.16"]
[SourceQuality "1"]

1. d4 Nf6 2. c4 g6 3. Nc3 Bg7 4. e4 d6 5. f3 0-0 6. Nge2 Nc6 7. Bg5 a6 8. Qd2 Rb8 9. d5 Ne5 10. Nd4 c5 11. Nc2 Ne8 12. a4 b6 13. Be2 Nc7 14. Bh6 Bxh6 15. Qxh6 e6 16. Ne3 exd5 17. Nexd5 Nxd5 18. Nxd5 Be6 19. Rd1 Bxd5 20. Rxd5 Qe7 21. h4 f6 22. Kf2 f5 23. Qg5 Qxg5 24. hxg5 fxe4 25. Rxd6 Rf5 26. g4 Nxg4+ 27. Kg3 exf3 28. Bd3 Rxg5 29. Kf4 Nf2 30. Rf1 Rg4+ 31. Kxf3 Rf8+ 32. Ke2 Rg2 33. Ke3 Rg3+ 34. Ke2 Nxd3 35. Rxf8+ Kxf8 36. Rf6+ 0-1

[Event "RUS-ch U18"]
[Site "Kolontaevo"]
[Date "1998.??.??"]
[Round "?"]
[White "Lubnin, Leonid"]
[Black "Pridorozhni, Aleksei"]
[Result "0-1"]
[WhiteElo "2130"]
[BlackElo "2275"]
[PlyCount "31"]
[EventDate "1998.??.??"]
[EventType "swiss"]
[EventRounds "9"]
[EventCountry "RUS"]
[SourceTitle "EXT 2000"]
[Source "ChessBase"]
[SourceDate "1999.11.16"]
[SourceVersion "1"]
[SourceVersionDate "1999.11.16"]
[SourceQuality "1"]

1. d4 d5 2. Nf3 e6 3. b3 Nf6 4. e3 c6 5. Bd3 Bd6 6. Nc3 Nbd7 7. Bb2 Qe7 8. Ne5 Bc7 9. f4 Ne4 10. Nxe4 dxe4 11. Bxe4 Nxe5 12. 0-0 Ng6 13. Qf3 0-0 14. a4 Bd7 15. c4 f5 16. Bd3 0-1